UBT Library

PEDIATRIC NURSING (Record no. 60038)

000 -LEADER
fixed length control field 00334nam a22001457a 4500
008 - FIXED-LENGTH DATA ELEMENTS--GENERAL INFORMATION
fixed length control field 230626b ||||| |||| 00| 0 eng d
020 ## - INTERNATIONAL STANDARD BOOK NUMBER
International Standard Book Number 9780323009898
041 ## - LANGUAGE CODE
Language code of text/sound track or separate title eng
080 ## - UNIVERSAL DECIMAL CLASSIFICATION NUMBER
Edition identifier SIXTH EDITION
Universal Decimal Classification number 616.053
082 ## - DEWEY DECIMAL CLASSIFICATION NUMBER
Classification number 616.053WON
100 ## - Rafti
Rafti 14.2
101 ## - Shkurtesa
Shkurtesa PEDI
245 ## - TITLE STATEMENT
Title PEDIATRIC NURSING
Statement of responsibility, etc WONG.L.D
942 ## - ADDED ENTRY ELEMENTS (KOHA)
Source of classification or shelving scheme
Item type Books
Holdings
Withdrawn status Lost status Source of classification or shelving scheme Damaged status Not for loan Collection code Permanent location Current location Date acquired Total Checkouts Full call number Barcode Date last seen Price effective from Koha item type
          Koleksioni i përgjithshem UBT - Lipjan UBT - Lipjan 06/26/2023   616.053WON 002-800080675 06/26/2023 06/26/2023 Books
UBT Library © 2015-2024. All rights reserved University Education for Business and Technology